[Event "Hastings International"]
[Site "?"]
[Date "2018.01.06"]
[Round "11.1"]
[White "Duggan, Michael Fg"]
[Black "Vakhidov, Jakhongir"]
[Result "0-1"]
[BlackElo "2516"]
[WhiteElo "2089"]
[LiveChessVersion "1.4.8"]

1. e4 {[%clk 1:45:40]} d6 {[%clk 1:49:07]} 2. d4 {[%clk 1:45:32]} g6
{[%clk 1:48:54]} 3. Nc3 {[%clk 1:44:58]} Nf6 {[%clk 1:48:35]} 4. Be3
{[%clk 1:44:27]} c6 {[%clk 1:48:30]} 5. Bd3 {[%clk 1:42:13]} b5 {[%clk 1:46:53]}
6. Nf3 {[%clk 1:40:40]} Bg7 {[%clk 1:46:01]} 7. h3 {[%clk 1:33:56]} O-O
{[%clk 1:45:37]} 8. Qd2 {[%clk 1:31:52]} Nbd7 {[%clk 1:43:50]} 9. O-O
{[%clk 1:28:57]} e5 {[%clk 1:41:29]} 10. Rad1 {[%clk 1:25:21]} Qe7
{[%clk 1:40:40]} 11. Rfe1 {[%clk 1:21:40]} Bb7 {[%clk 1:39:59]} 12. Bg5
{[%clk 1:20:13]} a6 {[%clk 1:39:23]} 13. a3 {[%clk 1:07:11]} Rfe8
{[%clk 1:38:57]} 14. Bf1 {[%clk 1:03:28]} Rad8 {[%clk 1:37:29]} 15. dxe5
{[%clk 0:49:40]} dxe5 {[%clk 1:34:51]} 16. Qd6 {[%clk 0:48:46]} Bf8
{[%clk 1:18:01]} 17. Qc7 {[%clk 0:47:07]} Rb8 {[%clk 1:16:46]} 18. Rd2
{[%clk 0:45:12]} Rec8 {[%clk 1:15:38]} 19. Bxf6 {[%clk 0:44:14]} Rxc7
{[%clk 1:15:27]} 20. Bxe7 {[%clk 0:44:16]} Bxe7 {[%clk 1:15:30]} 21. Red1
{[%clk 0:44:07]} Bc8 {[%clk 1:15:07]} 22. Ne2 {[%clk 0:37:18]} f6
{[%clk 1:13:31]} 23. Ng3 {[%clk 0:33:20]} Nb6 {[%clk 1:11:47]} 24. Rb1
{[%clk 0:25:18]} Be6 {[%clk 1:10:40]} 25. Be2 {[%clk 0:25:22]} Na4
{[%clk 1:00:31]} 26. Nf1 {[%clk 0:21:32]} b4 {[%clk 0:51:23]} 27. axb4
{[%clk 0:20:22]} Rxb4 {[%clk 0:51:23]} 28. Bxa6 {[%clk 0:19:52]} Nc3
{[%clk 0:50:51]} 29. Re1 {[%clk 0:17:31]} Nxe4 {[%clk 0:45:24]} 30. Rde2
{[%clk 0:17:03]} Nc5 {[%clk 0:45:23]} 31. Bd3 {[%clk 0:15:40]} Rxb2
{[%clk 0:44:47]} 32. Ng3 {[%clk 0:11:15]} Rd7 {[%clk 0:39:21]} 33. Be4
{[%clk 0:04:51]} Nxe4 {[%clk 0:38:17]} 34. Rxe4 {[%clk 0:04:59]} Bd5
{[%clk 0:35:43]} 35. R4e2 {[%clk 0:04:42]} Ra7 {[%clk 0:30:36]} 36. Nf1
{[%clk 0:03:48]} Bc5 {[%clk 0:28:56]} 37. Ne3 {[%clk 0:03:33]} Bxe3
{[%clk 0:28:49]} 38. fxe3 {[%clk 0:03:42]} Raa2 {[%clk 0:27:49]} 39. Rc1
{[%clk 0:03:51]} Be4 {[%clk 0:27:04]} 40. Ne1 {[%clk 0:03:59]} Kf7
{[%clk 0:26:56]} 41. Kf2 {[%clk 0:04:08]} g5 {[%clk 0:25:44]} 42. Rd2
{[%clk 0:04:17]} Kg6 {[%clk 0:25:38]} 43. Kg3 {[%clk 0:03:33]} h5
{[%clk 0:24:05]} 44. Kf2 {[%clk 0:03:42]} c5 {[%clk 0:23:56]} 45. Ke2
{[%clk 0:02:56]} c4 {[%clk 0:23:13]} 46. Kd1 {[%clk 0:03:03]} Ra3
{[%clk 0:21:59]} 47. Ke2 {[%clk 0:03:08]} Rba2 {[%clk 0:19:48]} 48. Rd7
{[%clk 0:01:59]} Rc3 {[%clk 0:17:29]} 49. Rc7 {[%clk 0:02:08]} Raa3
{[%clk 0:16:38]} 50. Kd2 {[%clk 0:00:45]} Rxe3 {[%clk 0:12:16]} 51. Rxc4
{[%clk 0:00:54]} Ba8 {[%clk 0:11:27]} 52. c3 {[%clk 0:00:35]} Rg3
{[%clk 0:11:27]} 53. Ke2 {[%clk 0:00:43]} Ra2+ {[%clk 0:11:17]} 54. Kf1
{[%clk 0:00:52]} Bxg2+ {[%clk 0:11:04]} 55. Nxg2 {[%clk 0:01:00]} Raxg2
{[%clk 0:10:20]} 56. Re1 {[%clk 0:00:18]} Rc2 {[%clk 0:08:09]} 57. Rc6
{[%clk 0:00:15]} Rxh3 {[%clk 0:08:03]} 58. Kg1 {[%clk 0:00:23]} Rhxc3
{[%clk 0:07:57]} 59. Rb6 {[%clk 0:00:32]} Rc1 {[%clk 0:07:55]} 60. Kf2
{[%clk 0:00:37]} Rxe1 {[%clk 0:07:55]} 61. Kxe1 {[%clk 0:00:46]} Rc2
{[%clk 0:07:49]} 62. Rb8 {[%clk 0:00:52]} h4 {[%clk 0:07:43]} 63. Rh8
{[%clk 0:00:56]} e4 {[%clk 0:07:39]} 64. Re8 {[%clk 0:01:03]} h3 {[%clk 0:07:36]}
65. Rh8 {[%clk 0:01:06]} h2 {[%clk 0:07:36]} 66. Kf1 {[%clk 0:01:07]} e3
{[%clk 0:07:33]} 67. Ke1 {[%clk 0:01:08]} h1=Q+ {[%clk 0:07:03]} 0-1

[Event "Hastings International"]
[Site "?"]
[Date "2018.01.06"]
[Round "11.2"]
[White "Hebden, Mark L"]
[Black "Willson, Ollie"]
[Result "1-0"]
[BlackElo "2057"]
[WhiteElo "2429"]
[LiveChessVersion "1.4.8"]

1. d4 {[%clk 1:50:04]} Nf6 {[%clk 1:50:15]} 2. Nf3 {[%clk 1:50:02]} e6
{[%clk 1:50:11]} 3. e3 {[%clk 1:50:04]} b6 {[%clk 1:48:46]} 4. Bd3
{[%clk 1:50:07]} Bb7 {[%clk 1:48:51]} 5. O-O {[%clk 1:50:07]} Be7
{[%clk 1:48:43]} 6. c4 {[%clk 1:50:03]} O-O {[%clk 1:48:42]} 7. Nc3
{[%clk 1:50:02]} d5 {[%clk 1:48:10]} 8. cxd5 {[%clk 1:49:54]} exd5
{[%clk 1:47:48]} 9. b3 {[%clk 1:49:58]} Nbd7 {[%clk 1:47:26]} 10. Bb2
{[%clk 1:49:58]} Re8 {[%clk 1:46:23]} 11. Rc1 {[%clk 1:48:02]} c6
{[%clk 1:36:51]} 12. Ne5 {[%clk 1:47:02]} Nxe5 {[%clk 1:34:59]} 13. dxe5
{[%clk 1:41:31]} Nd7 {[%clk 1:34:58]} 14. f4 {[%clk 1:32:49]} Bf8
{[%clk 1:21:51]} 15. Qf3 {[%clk 1:27:53]} Rc8 {[%clk 0:58:01]} 16. Rfd1
{[%clk 1:25:14]} Qh4 {[%clk 0:42:01]} 17. Ne2 {[%clk 1:23:07]} Nc5
{[%clk 0:39:29]} 18. Bb1 {[%clk 1:21:36]} Ne6 {[%clk 0:36:09]} 19. Ng3
{[%clk 1:18:23]} g6 {[%clk 0:34:25]} 20. f5 {[%clk 1:16:21]} Ng5 {[%clk 0:20:22]}
21. Qf4 {[%clk 1:15:48]} Qxf4 {[%clk 0:19:26]} 22. exf4 {[%clk 1:15:51]} Bc5+
{[%clk 0:19:19]} 23. Rxc5 {[%clk 1:12:37]} bxc5 {[%clk 0:19:24]} 24. fxg5
{[%clk 1:12:27]} Rc7 {[%clk 0:10:03]} 25. Rc1 {[%clk 1:10:57]} c4
{[%clk 0:04:37]} 26. bxc4 {[%clk 1:10:37]} dxc4 {[%clk 0:04:32]} 27. Ne4
{[%clk 1:10:06]} Rd8 {[%clk 0:04:22]} 28. Bc3 {[%clk 1:08:00]} Rcc8
{[%clk 0:02:32]} 29. Nf6+ {[%clk 1:05:42]} Kg7 {[%clk 0:01:49]} 30. e6
{[%clk 1:05:30]} fxe6 {[%clk 0:01:21]} 31. fxe6 {[%clk 1:05:00]} Kf8
{[%clk 0:01:17]} 32. Nxh7+ {[%clk 1:04:51]} 1-0

[Event "Hastings International"]
[Site "?"]
[Date "2018.01.06"]
[Round "11.3"]
[White "Coleman, David J"]
[Black "Britton, Richard L"]
[Result "1/2-1/2"]
[BlackElo "2256"]
[WhiteElo "2055"]
[LiveChessVersion "1.4.8"]

1. e4 {[%clk 1:50:10]} c5 {[%clk 1:50:10]} 2. Nf3 {[%clk 1:50:10]} d6
{[%clk 1:50:10]} 3. d4 {[%clk 1:50:10]} cxd4 {[%clk 1:50:10]} 4. Nxd4
{[%clk 1:50:10]} Nf6 {[%clk 1:50:10]} 5. Nc3 {[%clk 1:50:10]} a6 {[%clk 1:50:10]}
6. Bg5 {[%clk 1:50:10]} e6 {[%clk 1:50:10]} 7. f4 {[%clk 1:50:10]} Be7
{[%clk 1:50:10]} 8. Qf3 {[%clk 1:50:10]} Qc7 {[%clk 1:50:10]} 9. O-O-O
{[%clk 1:50:10]} Nbd7 {[%clk 1:50:10]} 10. g4 {[%clk 1:40:48]} b5
{[%clk 1:47:43]} 11. Bxf6 {[%clk 1:40:18]} Nxf6 {[%clk 1:47:47]} 12. f5
{[%clk 1:38:56]} b4 {[%clk 1:35:49]} 13. Nce2 {[%clk 1:14:33]} e5
{[%clk 1:09:04]} 14. Nb3 {[%clk 0:23:40]} Nxe4 {[%clk 1:00:02]} 15. Qxe4
{[%clk 0:18:41]} Bb7 {[%clk 0:59:57]} 16. Rd5 {[%clk 0:18:42]} Rc8
{[%clk 0:59:50]} 17. c3 {[%clk 0:16:11]} a5 {[%clk 0:44:12]} 18. Bg2
{[%clk 0:12:32]} a4 {[%clk 0:40:50]} 19. Na5 {[%clk 0:09:02]} Bxd5
{[%clk 0:28:42]} 20. Qxd5 {[%clk 0:09:04]} O-O {[%clk 0:28:47]} 21. h4
{[%clk 0:08:18]} bxc3 {[%clk 0:20:48]} 22. Nxc3 {[%clk 0:08:02]} e4
{[%clk 0:16:52]} 23. g5 {[%clk 0:07:52]} a3 {[%clk 0:14:45]} 24. Nc6
{[%clk 0:07:42]} axb2+ {[%clk 0:13:47]} 25. Kxb2 {[%clk 0:05:44]} Qxc6
{[%clk 0:12:05]} 26. Qxc6 {[%clk 0:05:26]} Rxc6 {[%clk 0:12:09]} 27. Bxe4
{[%clk 0:05:23]} Rb8+ {[%clk 0:12:09]} 28. Kc2 {[%clk 0:05:20]} Rc5
{[%clk 0:09:07]} 29. Kd3 {[%clk 0:05:02]} Re5 {[%clk 0:06:17]} 30. Rf1
{[%clk 0:04:17]} Bd8 {[%clk 0:05:44]} 31. Bd5 {[%clk 0:04:08]} Ba5
{[%clk 0:05:37]} 32. g6 {[%clk 0:04:01]} Bxc3 {[%clk 0:04:17]} 33. Bxf7+
{[%clk 0:04:04]} Kh8 {[%clk 0:04:21]} 34. Kxc3 {[%clk 0:04:08]} Re4
{[%clk 0:03:42]} 35. h5 {[%clk 0:03:22]} Rh4 {[%clk 0:03:06]} 36. gxh7
{[%clk 0:02:47]} Kxh7 {[%clk 0:03:10]} 37. Bg6+ {[%clk 0:02:40]} Kh6
{[%clk 0:03:13]} 38. f6 {[%clk 0:02:37]} gxf6 {[%clk 0:03:05]} 39. Rxf6
{[%clk 0:02:39]} Rb6 {[%clk 0:03:05]} 40. Rf3 {[%clk 0:02:23]} Ra6
{[%clk 0:02:55]} 41. Bf7 {[%clk 0:02:19]} Kg5 {[%clk 0:02:38]} 42. Rd3
{[%clk 0:02:12]} Kf6 {[%clk 0:02:33]} 43. Rf3+ {[%clk 0:02:01]} Ke5
{[%clk 0:02:36]} 44. Re3+ {[%clk 0:02:05]} Kf4 {[%clk 0:02:39]} 45. Rd3
{[%clk 0:02:13]} Ke5 {[%clk 0:02:16]} 46. Re3+ {[%clk 0:02:19]} Re4
{[%clk 0:02:22]} 47. Rxe4+ {[%clk 0:02:04]} Kxe4 {[%clk 0:02:31]} 48. h6
{[%clk 0:02:11]} d5 {[%clk 0:02:37]} 49. h7 {[%clk 0:02:14]} Rh6 {[%clk 0:02:43]}
50. Bg6+ {[%clk 0:02:16]} Ke3 {[%clk 0:02:51]} 51. a4 {[%clk 0:01:34]} d4+
{[%clk 0:02:41]} 52. Kc4 {[%clk 0:01:43]} Rh4 {[%clk 0:02:50]} 53. Bd3
{[%clk 0:01:48]} Rh6 {[%clk 0:02:50]} 54. Bg6 {[%clk 0:01:33]} Rh4
{[%clk 0:02:59]} 55. Bd3 {[%clk 0:01:41]} Rh1 {[%clk 0:03:08]} 56. Bc2
{[%clk 0:01:26]} Rh4 {[%clk 0:01:51]} 57. Bd3 {[%clk 0:01:32]} Rh1
{[%clk 0:01:34]} 58. Bf5 {[%clk 0:00:47]} Rc1+ {[%clk 0:01:35]} 59. Kd5
{[%clk 0:00:43]} Rh1 {[%clk 0:01:43]} 60. Kc4 {[%clk 0:00:23]} 1/2-1/2

[Event "Hastings International"]
[Site "?"]
[Date "2018.01.06"]
[Round "11.4"]
[White "Brown, Terry L"]
[Black "Grieve, Harry"]
[Result "0-1"]
[BlackElo "2220"]
[WhiteElo "1559"]
[LiveChessVersion "1.4.8"]

1. d4 {[%clk 1:50:15]} Nf6 {[%clk 1:49:31]} 2. Bf4 {[%clk 1:49:56]} e6
{[%clk 1:49:23]} 3. e3 {[%clk 1:49:30]} c5 {[%clk 1:49:21]} 4. c3
{[%clk 1:48:18]} b6 {[%clk 1:49:22]} 5. Nd2 {[%clk 1:45:09]} Bb7 {[%clk 1:49:19]}
6. Ngf3 {[%clk 1:44:32]} Be7 {[%clk 1:48:41]} 7. Bd3 {[%clk 1:43:49]} d6
{[%clk 1:47:29]} 8. Qe2 {[%clk 1:40:26]} Nh5 {[%clk 1:45:20]} 9. Bg3
{[%clk 1:38:41]} Nd7 {[%clk 1:42:54]} 10. Be4 {[%clk 1:34:08]} Nxg3
{[%clk 1:41:18]} 11. hxg3 {[%clk 1:34:05]} Bxe4 {[%clk 1:40:14]} 12. Nxe4
{[%clk 1:34:06]} d5 {[%clk 1:38:58]} 13. Ned2 {[%clk 1:33:50]} cxd4
{[%clk 1:37:12]} 14. exd4 {[%clk 1:31:24]} Qc7 {[%clk 1:33:03]} 15. Qe3
{[%clk 1:21:31]} h6 {[%clk 1:29:56]} 16. g4 {[%clk 1:19:42]} O-O-O
{[%clk 1:24:21]} 17. O-O-O {[%clk 1:10:22]} Bd6 {[%clk 1:21:38]} 18. g3
{[%clk 1:05:09]} Rde8 {[%clk 1:15:03]} 19. Qd3 {[%clk 1:02:55]} Kb8
{[%clk 1:09:13]} 20. Kb1 {[%clk 0:59:39]} Nf6 {[%clk 1:06:01]} 21. g5
{[%clk 0:56:37]} hxg5 {[%clk 1:05:15]} 22. Nxg5 {[%clk 0:55:03]} Qb7
{[%clk 1:02:53]} 23. f4 {[%clk 0:43:25]} Rh6 {[%clk 0:56:19]} 24. Rde1
{[%clk 0:24:19]} Reh8 {[%clk 0:47:33]} 25. Rxh6 {[%clk 0:23:34]} Rxh6
{[%clk 0:41:08]} 26. Ngf3 {[%clk 0:20:32]} a6 {[%clk 0:30:36]} 27. Ne5
{[%clk 0:19:47]} Rh3 {[%clk 0:27:47]} 28. Qf3 {[%clk 0:13:35]} Rh2
{[%clk 0:27:49]} 29. Nf1 {[%clk 0:12:51]} Ne4 {[%clk 0:27:11]} 30. Re2
{[%clk 0:09:58]} Rh8 {[%clk 0:24:42]} 31. Qg4 {[%clk 0:08:57]} Rh1
{[%clk 0:22:11]} 32. Qxg7 {[%clk 0:04:16]} Rxf1+ {[%clk 0:22:07]} 33. Kc2
{[%clk 0:04:17]} Bxe5 {[%clk 0:20:56]} 34. dxe5 {[%clk 0:04:13]} Qd7
{[%clk 0:17:32]} 35. b3 {[%clk 0:01:16]} Qc7 {[%clk 0:15:43]} 36. c4
{[%clk 0:00:39]} dxc4 {[%clk 0:14:55]} 37. Qf8+ {[%clk 0:00:43]} Kb7
{[%clk 0:14:57]} 38. Rxe4 {[%clk 0:00:36]} cxb3+ {[%clk 0:15:02]} 39. Kxb3
{[%clk 0:00:21]} Rb1+ {[%clk 0:14:57]} 40. Ka4 {[%clk 0:00:15]} b5+
{[%clk 0:14:52]} 41. Ka3 {[%clk 0:00:19]} Qc3# {[%clk 0:14:55]} 0-1

[Event "Hastings International"]
[Site "?"]
[Date "2018.01.06"]
[Round "11.5"]
[White "Eames, Robert S"]
[Black "Ridge, Michael"]
[Result "1-0"]
[BlackElo "1833"]
[WhiteElo "2159"]
[LiveChessVersion "1.4.8"]

1. Nf3 {[%clk 1:49:32]} c5 {[%clk 1:49:44]} 2. c4 {[%clk 1:49:28]} g6
{[%clk 1:49:50]} 3. e4 {[%clk 1:48:55]} Nc6 {[%clk 1:49:50]} 4. d4
{[%clk 1:48:57]} cxd4 {[%clk 1:49:54]} 5. Nxd4 {[%clk 1:49:05]} Nf6
{[%clk 1:49:42]} 6. Nc3 {[%clk 1:48:38]} d6 {[%clk 1:49:47]} 7. Be2
{[%clk 1:48:28]} Nxd4 {[%clk 1:49:52]} 8. Qxd4 {[%clk 1:48:33]} Bg7
{[%clk 1:49:58]} 9. Be3 {[%clk 1:43:40]} O-O {[%clk 1:50:02]} 10. Qd2
{[%clk 1:43:46]} Qa5 {[%clk 1:47:08]} 11. f3 {[%clk 1:39:00]} Be6
{[%clk 1:46:47]} 12. Nd5 {[%clk 1:31:41]} Qxd2+ {[%clk 1:46:17]} 13. Kxd2
{[%clk 1:31:45]} Nxd5 {[%clk 1:46:09]} 14. cxd5 {[%clk 1:30:16]} Bd7
{[%clk 1:46:15]} 15. Rac1 {[%clk 1:28:37]} Rfc8 {[%clk 1:42:47]} 16. b3
{[%clk 1:23:21]} a6 {[%clk 1:41:57]} 17. g4 {[%clk 1:21:52]} Bb2 {[%clk 1:36:55]}
18. Rc2 {[%clk 1:18:20]} Ba3 {[%clk 1:34:03]} 19. Bd4 {[%clk 1:16:49]} Rxc2+
{[%clk 1:32:59]} 20. Kxc2 {[%clk 1:16:52]} Rc8+ {[%clk 1:32:58]} 21. Kb1
{[%clk 1:16:12]} Bc5 {[%clk 1:22:44]} 22. Bb2 {[%clk 1:08:50]} Be3
{[%clk 1:21:15]} 23. h4 {[%clk 1:07:47]} f6 {[%clk 1:19:34]} 24. h5
{[%clk 1:06:08]} g5 {[%clk 1:17:29]} 25. Rd1 {[%clk 1:02:47]} Bf4
{[%clk 1:15:27]} 26. a4 {[%clk 0:54:12]} a5 {[%clk 1:05:24]} 27. Bd4
{[%clk 0:48:53]} Kf7 {[%clk 0:55:55]} 28. Bd3 {[%clk 0:40:50]} h6
{[%clk 0:55:04]} 29. Bb6 {[%clk 0:40:31]} Ra8 {[%clk 0:41:10]} 30. Ka2
{[%clk 0:34:39]} Ke8 {[%clk 0:33:42]} 31. Ka3 {[%clk 0:34:04]} Kf7
{[%clk 0:14:42]} 32. Bc4 {[%clk 0:31:29]} Kf8 {[%clk 0:13:26]} 33. Bd3
{[%clk 0:19:43]} Kf7 {[%clk 0:13:16]} 34. Bb5 {[%clk 0:15:43]} Be8
{[%clk 0:03:02]} 35. Rd3 {[%clk 0:13:47]} Kf8 {[%clk 0:02:11]} 36. Rc3
{[%clk 0:12:13]} Bd2 {[%clk 0:02:16]} 37. Rc7 {[%clk 0:12:08]} Bb4+
{[%clk 0:02:23]} 38. Kb2 {[%clk 0:11:57]} Bxb5 {[%clk 0:00:38]} 39. axb5
{[%clk 0:11:56]} Rb8 {[%clk 0:00:27]} 40. Ba7 {[%clk 0:11:34]} Ra8
{[%clk 0:00:17]} 41. b6 {[%clk 0:10:52]} Bc5 {[%clk 0:00:17]} 42. Rxb7
{[%clk 0:10:27]} Rc8 {[%clk 0:00:18]} 43. Rc7 {[%clk 0:09:36]} Bd4+
{[%clk 0:00:13]} 44. Kc2 {[%clk 0:08:43]} Re8 {[%clk 0:00:18]} 45. Kd3
{[%clk 0:08:23]} Bg1 {[%clk 0:00:25]} 46. Kc4 {[%clk 0:08:09]} Be3
{[%clk 0:00:20]} 47. Kb5 {[%clk 0:08:02]} Kf7 {[%clk 0:00:13]} 48. Kxa5
{[%clk 0:07:41]} Bd2+ {[%clk 0:00:22]} 49. Ka6 {[%clk 0:07:35]} Be3
{[%clk 0:00:30]} 50. b7 {[%clk 0:07:26]} Bxa7 {[%clk 0:00:12]} 51. Kxa7
{[%clk 0:07:26]} 1-0

[Event "Hastings International"]
[Site "?"]
[Date "2018.01.06"]
[Round "11.7"]
[White "Footner, Andrew F"]
[Black "Ruane, Brendan J"]
[Result "1-0"]
[BlackElo "1838"]
[WhiteElo "1981"]
[LiveChessVersion "1.4.8"]

1. e4 {[%clk 1:50:17]} g6 {[%clk 1:50:14]} 2. d4 {[%clk 1:49:46]} Bg7
{[%clk 1:50:16]} 3. Nc3 {[%clk 1:49:18]} c6 {[%clk 1:50:19]} 4. Nf3
{[%clk 1:48:45]} d5 {[%clk 1:50:00]} 5. Be3 {[%clk 1:45:28]} Bg4 {[%clk 1:48:58]}
6. Be2 {[%clk 1:43:41]} dxe4 {[%clk 1:41:20]} 7. Nxe4 {[%clk 1:43:41]} Nd7
{[%clk 1:41:20]} 8. h3 {[%clk 1:41:54]} Bf5 {[%clk 1:38:42]} 9. Ng3
{[%clk 1:39:34]} Be6 {[%clk 1:38:44]} 10. O-O {[%clk 1:39:17]} b5
{[%clk 1:37:57]} 11. a4 {[%clk 1:28:37]} a6 {[%clk 1:35:48]} 12. c4
{[%clk 1:24:49]} bxc4 {[%clk 1:35:01]} 13. Qc2 {[%clk 1:24:46]} Ngf6
{[%clk 1:27:31]} 14. Bxc4 {[%clk 1:24:25]} Bd5 {[%clk 1:27:35]} 15. Bxd5
{[%clk 1:21:29]} cxd5 {[%clk 1:27:38]} 16. Rfc1 {[%clk 1:21:26]} O-O
{[%clk 1:26:38]} 17. Ra3 {[%clk 1:19:19]} Nb6 {[%clk 1:24:02]} 18. Ne5
{[%clk 1:18:47]} Ne8 {[%clk 1:20:24]} 19. a5 {[%clk 1:18:00]} Bxe5
{[%clk 1:09:32]} 20. axb6 {[%clk 1:10:46]} Bxg3 {[%clk 1:09:34]} 21. b7
{[%clk 1:10:47]} Bh2+ {[%clk 1:09:11]} 22. Kxh2 {[%clk 1:10:05]} Qb8+
{[%clk 1:09:12]} 23. Bf4 {[%clk 1:09:17]} Qxb7 {[%clk 1:09:12]} 24. Rca1
{[%clk 1:00:42]} Nf6 {[%clk 1:05:17]} 25. Qe2 {[%clk 0:58:43]} a5
{[%clk 0:56:13]} 26. Rxa5 {[%clk 0:58:19]} Rxa5 {[%clk 0:56:18]} 27. Rxa5
{[%clk 0:58:21]} Qb4 {[%clk 0:56:21]} 28. Qd2 {[%clk 0:53:01]} Rb8
{[%clk 0:56:28]} 29. Ra8 {[%clk 0:51:38]} e5 {[%clk 0:55:05]} 30. Qxb4
{[%clk 0:51:35]} 1-0

[Event "Hastings International"]
[Site "?"]
[Date "2018.01.06"]
[Round "11.8"]
[White "Gregory, Stephen J"]
[Black "Wilson, Matthew R"]
[Result "1-0"]
[BlackElo "1782"]
[WhiteElo "1951"]
[LiveChessVersion "1.4.8"]

1. e4 {[%clk 1:50:17]} c5 {[%clk 1:50:17]} 2. Nf3 {[%clk 1:50:22]} e6
{[%clk 1:50:23]} 3. d3 {[%clk 1:50:28]} d5 {[%clk 1:48:25]} 4. Nbd2
{[%clk 1:50:28]} Nc6 {[%clk 1:47:36]} 5. g3 {[%clk 1:50:32]} Nge7
{[%clk 1:42:13]} 6. Bg2 {[%clk 1:49:12]} g6 {[%clk 1:42:03]} 7. O-O
{[%clk 1:47:34]} Bg7 {[%clk 1:42:04]} 8. Re1 {[%clk 1:43:35]} O-O
{[%clk 1:41:38]} 9. c3 {[%clk 1:41:30]} b5 {[%clk 1:35:37]} 10. Qc2
{[%clk 1:37:45]} b4 {[%clk 1:34:29]} 11. exd5 {[%clk 1:36:22]} exd5
{[%clk 1:22:15]} 12. Nb3 {[%clk 1:31:39]} c4 {[%clk 1:06:37]} 13. dxc4
{[%clk 1:27:22]} Bf5 {[%clk 1:03:03]} 14. Qd2 {[%clk 1:24:32]} bxc3
{[%clk 1:02:07]} 15. bxc3 {[%clk 1:24:23]} dxc4 {[%clk 1:01:36]} 16. Nbd4
{[%clk 1:20:00]} Bd3 {[%clk 0:49:58]} 17. Ba3 {[%clk 1:15:20]} Re8
{[%clk 0:47:36]} 18. Bxe7 {[%clk 1:08:57]} Nxe7 {[%clk 0:47:04]} 19. Ne5
{[%clk 1:07:57]} Bxe5 {[%clk 0:45:13]} 20. Rxe5 {[%clk 1:07:18]} Rb8
{[%clk 0:41:26]} 21. Rae1 {[%clk 1:06:30]} Rb1 {[%clk 0:40:19]} 22. Rxb1
{[%clk 1:03:58]} Bxb1 {[%clk 0:40:16]} 23. Qe1 {[%clk 1:03:35]} Qb8
{[%clk 0:32:08]} 24. Rxe7 {[%clk 1:02:02]} Rxe7 {[%clk 0:31:22]} 25. Qxe7
{[%clk 1:02:05]} Bd3 {[%clk 0:30:46]} 26. Qe1 {[%clk 1:01:47]} Qb2
{[%clk 0:30:33]} 27. Bd5 {[%clk 1:01:11]} Qxa2 {[%clk 0:29:57]} 28. Qe8+
{[%clk 1:01:02]} Kg7 {[%clk 0:30:03]} 29. Qxf7+ {[%clk 1:01:05]} Kh6
{[%clk 0:30:01]} 30. Qf4+ {[%clk 1:00:59]} 1-0

[Event "Hastings International"]
[Site "?"]
[Date "2018.01.06"]
[Round "11.10"]
[White "Kelly, Paul J"]
[Black "Cove, Henry"]
[Result "0-1"]
[BlackElo "1875"]
[WhiteElo "1812"]
[LiveChessVersion "1.4.8"]

1. e4 {[%clk 1:45:48]} c5 {[%clk 1:50:04]} 2. a3 {[%clk 1:45:56]} g6
{[%clk 1:49:53]} 3. b4 {[%clk 1:46:05]} Bg7 4. Nc3 b6 {[%clk 1:49:21]} 5. g3
{[%clk 1:45:47]} Nc6 {[%clk 1:46:13]} 6. Rb1 {[%clk 1:45:48]} d6 {[%clk 1:31:13]}
7. Bg2 {[%clk 1:45:48]} Bd7 {[%clk 1:30:59]} 8. Nge2 {[%clk 1:45:28]} Rc8
{[%clk 1:29:53]} 9. O-O {[%clk 1:45:14]} Nf6 {[%clk 1:29:19]} 10. d3
{[%clk 1:42:08]} O-O {[%clk 1:26:08]} 11. b5 {[%clk 1:41:05]} Nd4
{[%clk 1:25:04]} 12. Nxd4 {[%clk 1:41:12]} cxd4 {[%clk 1:25:08]} 13. Ne2
{[%clk 1:41:20]} e5 {[%clk 1:24:37]} 14. Bd2 {[%clk 1:41:19]} Qc7
{[%clk 1:18:30]} 15. c3 {[%clk 1:41:22]} dxc3 {[%clk 1:18:12]} 16. Nxc3
{[%clk 1:41:26]} Qc5 {[%clk 1:16:35]} 17. a4 {[%clk 1:41:02]} Qd4
{[%clk 1:14:47]} 18. Qc2 {[%clk 1:40:30]} Rc7 {[%clk 1:13:27]} 19. Rfc1
{[%clk 1:40:27]} Ng4 {[%clk 1:10:03]} 20. Be1 {[%clk 1:40:27]} Bh6
{[%clk 1:09:49]} 21. Rd1 {[%clk 1:33:42]} Rfc8 {[%clk 1:09:02]} 22. Rb3
{[%clk 1:33:09]} Be6 {[%clk 1:05:04]} 23. Ra3 {[%clk 1:33:09]} Qb4
{[%clk 1:04:28]} 24. Rda1 Qd4 {[%clk 1:02:25]} 25. Bf1 {[%clk 1:27:17]} Nf6
{[%clk 1:00:36]} 26. Kg2 {[%clk 1:27:01]} d5 {[%clk 1:00:15]} 27. f3
{[%clk 1:26:56]} Bf8 {[%clk 0:58:48]} 28. Bf2 {[%clk 1:25:39]} Rxc3
{[%clk 0:57:54]} 29. Bxd4 {[%clk 1:25:13]} Rxc2+ {[%clk 0:58:01]} 30. Bf2
{[%clk 1:25:04]} Bxa3 {[%clk 0:58:07]} 31. Rxa3 {[%clk 1:25:08]} 0-1